iTQ FOR IT USERS USING OFFICE 2010 : (Record no. 899)
[ view plain ]
| 000 -LEADER | |
|---|---|
| fixed length control field | 00721nam a22002297a 4500 |
| 005 - DATE AND TIME OF LATEST TRANSACTION | |
| control field | 20231214085036.0 |
| 008 - FIXED-LENGTH DATA ELEMENTS--GENERAL INFORMATION | |
| fixed length control field | 231214b |||||||| |||| 00| 0 eng d |
| 020 ## - INTERNATIONAL STANDARD BOOK NUMBER | |
| International Standard Book Number | 9780435075231 |
| 040 ## - CATALOGING SOURCE | |
| Original cataloging agency | KMU |
| Transcribing agency | KMU |
| Modifying agency | KMU |
| Description conventions | rda |
| 050 ## - LIBRARY OF CONGRESS CALL NUMBER | |
| Classification number | QA 76.3 |
| 245 ## - TITLE STATEMENT | |
| Title | iTQ FOR IT USERS USING OFFICE 2010 : |
| Remainder of title | LEVEL 2 STUDENT BOOK / |
| Statement of responsibility, etc. | Karen, Anderson; Jarvis, Alan; Kaye, Allen; McGill, Richard and Soomary, Neela |
| 260 ## - PUBLICATION, DISTRIBUTION, ETC. | |
| Place of publication, distribution, etc. | Harlow : |
| Name of publisher, distributor, etc. | Pearson Education, |
| Date of publication, distribution, etc. | 2012. |
| 300 ## - PHYSICAL DESCRIPTION | |
| Extent | xii, 347 p. : |
| Other physical details | ill. ; |
| Dimensions | 28 cm. |
| 650 ## - SUBJECT ADDED ENTRY--TOPICAL TERM | |
| Topical term or geographic name entry element | Microsoft Office. |
| 650 ## - SUBJECT ADDED ENTRY--TOPICAL TERM | |
| Topical term or geographic name entry element | Examinations |
| 700 ## - ADDED ENTRY--PERSONAL NAME | |
| Personal name | Karen, Anderson. |
| 700 ## - ADDED ENTRY--PERSONAL NAME | |
| Personal name | Jarvis, Alan. |
| 700 ## - ADDED ENTRY--PERSONAL NAME | |
| Personal name | Kaye, Allen |
| 700 ## - ADDED ENTRY--PERSONAL NAME | |
| Personal name | McGill, Richard |
| 700 ## - ADDED ENTRY--PERSONAL NAME | |
| Personal name | Soomary, Neela |
| 942 ## - ADDED ENTRY ELEMENTS (KOHA) | |
| Source of classification or shelving scheme | Library of Congress Classification |
| Koha item type | Non-Fiction |
| Suppress in OPAC | No |
| Withdrawn status | Lost status | Source of classification or shelving scheme | Damaged status | Not for loan | Collection | Home library | Current library | Shelving location | Date acquired | Source of acquisition | Total Checkouts | Full call number | Barcode | Date last seen | Price effective from | Koha item type |
|---|---|---|---|---|---|---|---|---|---|---|---|---|---|---|---|---|
| Library of Congress Classification | Non-fiction | Kapasa Makasa University | Kapasa Makasa University | Open Access | 14.12.2023 | Zambia Library Service | QA 76.3 Its | 747891 | 14.12.2023 | 14.12.2023 | Non-Fiction |